书目信息 |
| 题名: |
《毛泽东文集》与毛泽东思想
|
|
| 作者: | ;中央文献研究室毛泽东组 | |
| 分册: | ||
| 出版信息: | 北京 人民出版社 2002 |
|
| 页数: | 366 | |
| 开本: | 20cm | |
| 丛书名: | ||
| 单 册: | ||
| 中图分类: | A841.1 | |
| 科图分类: | ||
| 主题词: | 毛泽东著作--学习 , 毛泽东著作研究 | |
| 电子资源: | ||
| ISBN: | 7-01-003632-2 | |
| 000 | 00667nam0 2200193 450 | |
| 001 | 0760515518 | |
| 005 | 20070817164835.51 | |
| 010 | @a7-01-003632-2@d¥22.00 | |
| 100 | @a20070817d km y0chiy0120 ea | |
| 101 | 0 | @achi |
| 200 | 1 | @a《毛泽东文集》与毛泽东思想@A《mao ze dong wen ji》yu mao ze dong si xiang@f中央文献研究室毛泽东组@Fzhong yang wen xian yan jiu shi mao ze dong zu |
| 210 | @a北京@c人民出版社@d2002 | |
| 215 | @a366@d20cm | |
| 606 | 0 | @a毛泽东著作@x学习 |
| 606 | 0 | @a毛泽东著作研究 |
| 690 | @aA841.1@v3 | |
| 711 | 02 | @a中央文献研究室毛泽东组@Azhong yang wen xian yan jiu shi mao ze dong zu |
| 801 | 0 | @aCN@bPFT@c20070817 |
| 905 | @a213230@dA841.1@eg3@f1 | |
| 《毛泽东文集》与毛泽东思想/中央文献研究室毛泽东组.-北京:人民出版社,2002 |
| 366;20cm |
| ISBN 7-01-003632-2:¥22.00 |
| ● |
| 相关链接 |
|
|
|
|
正题名:《毛泽东文集》与毛泽东思想
索取号:A841.1/g3
 
预约/预借
| 序号 | 登录号 | 条形码 | 馆藏地/架位号 | 状态 | 备注 |
| 1 | 6500034 | 265000349 | 密集书库-马院/ [索取号:A841.1/g3] | 在馆 |